Panduan merawat hati : penawar bagi hati

Bibliographic Details
Format: Book
Published: Kuala Lumpur : Syarikat Nurulhas , 19--?
Subjects:

MARC

LEADER 00000cam a2200000 7i4500
001 0000009230
002 000010050
005 .0
020 |a 9838380547 
090 0 0 |a 297.23   |b PAN 
245 0 0 |a Panduan merawat hati :   |b penawar bagi hati   |c disusun oleh Munirah Hashim 
260 |a Kuala Lumpur :   |b Syarikat Nurulhas ,   |c 19--? 
300 |a 253p. ;   |c 19cm. 
650 0 0 |a Islamic ethics 
650 0 0 |a Islam   |x Psychology 
999 |a 046368   |b BUKU   |c PINJAMAN   |e PERPUSTAKAAN KOMUNITI CAW KOTA DAMANSARA